00772nam a22002057a 450000500170000001000150001702000260003202000230005803500130008103700130009410000160010724500980012326000450022127000630026630000240032950000500035394200170040399900170042095201290043720130506115412.0 aENG-106974 a9780198090342c995.00 a019809037xc995.00 aEN-90507 bDBAD/PUB1 aBreman, Jan10aAt work in the informal economy of India :cby Jan Bremanba perspective from the bottom up / aNew DelhibOxford University Pressc2013 aYMCA Library Building, 1 Jai Singh RoadbNew Delhie110001 avi,457p. c22cm(Hb) aIncludes bibliographical references and index 2ddccENmBRE c75101d75101 001040718NFICaDBADbDBADd2013-05-03eDBAD/PUBg995.00l0oBREpEN-90507r2013-05-03 00:00:00t1v995.00w2013-05-03yEN